000 01213nam a22002177a 4500
999 _c59433
_d59433
003 Ge_BSU
005 20230216145716.0
008 230216s2003 ge ||||| |||| 00| 0 geo d
020 _a9994072919
041 _ageo
080 _a342.7 თ-15
245 _aთავისუფლებისა და ხელშეუხებლობის უფლება /
_c[თარგმ.: გიორგი კუკულავა, ზვიად მირგატია, გიორგი ჯოხაძე ; რედ.: ირაკლი სესიაშვილი, ავთანდილ სვანიძე].
264 _aთბილისი :
_bსაია,
_c2003.
300 _a400 გვ. ;
_b20 სმ.
490 _aახალგაზრდა იურისტის ბიბლიოთეკა,
_v3
653 _aადამიანის ძირითადი უფლებები
653 _aადამიანის თავისუფლება
653 _aადამიანის ხელშეუხებლობა
700 _aსესიაშვილი, ირაკლი
_eრედაქტორი
_916931
942 _2udc
_cBK